LEADER 00846nam a2200217 i 4500 001 000000105158 003 CaOOAMICUS 005 20020211000000.0 008 020211s1979 be u000 u lat u 013 $a77347 040 $aSeMil$bita 245 10$aLibri 11.-22. 300 $aP. [585]-1135. 490 0 $aCorpus Christianorum. Series Latina ;$v143.A 773 0 $aGregorius I, $tMoralia in Iob.$w()1734 773 0 $aGregorius I, $tGregorii Magni Opera.$dTurnholti : Brepols, 1982-$w()1735 830 0$aCorpus Christianorum. Series Latina ;$v143.A.$0(OLS)http://semarc/title/37 850 $aSeMil 852 $aSeMil$W1$xVenegono$y1$mSL2.J II 143/A$j61423$B61423$CSeMilBibl$Z2$F70790 $8I 961 $aSottoscrizione: Brepols 996 $6245$aLibri 11.-22$9(OLS)http://semarc/title/152110 LEADER 01019nam a2200253 i 4500 001 000000071146 003 CaOOAMICUS 005 20260421125524.0 008 001120n1987 it u000 u ita u 020 $a88-04-29772-7 040 $aSeMil$bita 100 1 $aGuarracino, Vincenzo,$d<1948- >.$0(OLS)http://semarc/name/7021 245 10$aGuida alla lettura di Leopardi /$cVincenzo Guarracino. 264 1$aMilano :$bArnoldo Mondadori,$c1987. 300 $a446 p. ;$c19 cm 490 1 $aOscar manuali 600 14$aLeopardi, Giacomo <1798-1837>.$0(OLS)http://semarc/subject/2752 830 0$aOscar manuali.$0(OLS)http://semarc/title/17190 850 $aSeMil 852 $aSeMil$W1$xVenegono$y1$m1O I 313$j235886$B37299$CSeMilBibl$Z2$F37302 $81 996 $6020$a88-04-29772-7$9(OLS)http://semarc/number/50150 996 $6245$aGuida alla lettura di Leopardi$9(OLS)http://semarc/title/114385 996 $6264$aMilano :$bArnoldo Mondadori$9(OLS)http://semarc/publisher/46554